00647 2200229 4500001002100000005001700021008004100038020002200079035002400101040001200125082001300137084002300150100003700173245006000210250001100270260003400281300002600315650002000341850001200361990002200373990002200395INLIS00000000002696520170413110020.0  a978-602-225-766-0 0010-041700000000361 aYOPDYOG a899.2213 aDEP 899.2213 Sya P aSYAMSUL HIDAYAT (ALUL), M, 1984- aParadoksal (sang imaginer)c/ M. Syamsul Hidayat (Alul) aCet.1. aYogyakartabLeutikaprioc2013 avi, 406 hlm.c; 20 cm aFiksi Indonesia aYOPDYOG aCB-D.11/2013-2497 aCB-D.11/2013-2497